| 000 | 00892nam a2200217 a 4500 | ||
|---|---|---|---|
| 001 | 000122769 | ||
| 003 | AM-YEHGA | ||
| 005 | 20250617122559.0 | ||
| 008 | 990217s1973 bw ||||gr|||||||||||rus|d | ||
| 040 | _aAM-YeHGA | ||
| 041 | 0 | _arus | |
| 245 | 0 | 0 |
_aМеханизмы межвитаминных взаимоотношений : _bТиамин, пиридоксин, пантотеновая и никотиновая кислоты / _cЮ.М. Островский, А.Г. Мойсеенок и др. |
| 260 |
_aМинск : _bНаука и техника, _c1973. |
||
| 300 | _a216 с. | ||
| 440 | 0 | _aОтдел регуляции обмена веществ АН БСС | |
| 650 | 1 | 4 | _aВитамины - Взаимодействие |
| 700 | 1 | _aОстровский, Ю.М. | |
| 700 | 1 | _aМойсеенок, Андрей Георгиевич | |
| 942 |
_2udc _cBK |
||
| 090 | _c41042 | ||
| 999 |
_c40381 _d40381 |
||